000 00514nam a22001817a 4500
005 20251108164648.0
008 250721s1988 xx 000 0 ara d
082 1 4 _a811.909/حنا
100 1 _aعبود، حنا
245 1 0 _aالقصيدة و الجسد /
264 1 _aدمشق :
_bإتحاد الكتاب العرب،
_c1988.
300 _a259ص
650 1 7 _aالشعر العربي
650 1 7 _aالتاريخ الأدبي
650 1 7 _aالنقد الأدبي
942 _2ddc
_cBK
999 _c11201
_d11201